| 000 -LEADER |
| fixed length control field |
00524nam a2200193Ia 4500 |
| 020 ## - INTERNATIONAL STANDARD BOOK NUMBER |
| ISBN |
2711611809 |
| 040 ## - CATALOGING SOURCE |
| Transcribing agency |
VYF |
| 041 1# - LANGUAGE CODE |
| Language code of original and/or intermediate translations of text |
ita |
| 082 ## - DEWEY DECIMAL CLASSIFICATION NUMBER |
| Classification number |
183 UNT 1993 A001 Or. |
| 100 1# - MAIN ENTRY--AUTHOR NAME |
| Personal name |
Untersteiner, Mario, |
| 245 14 - TITLE STATEMENT |
| Title |
Les Sophistes / |
| 250 ## - EDITION STATEMENT |
| Edition statement |
Second edition revue et notablement augm. / |
| 300 ## - PHYSICAL DESCRIPTION |
| Number of Pages |
2 volumes ; |
| Dimensions |
22 cm |
| 490 1# - SERIES STATEMENT |
| Series statement |
Biblioth©·que d'histoire de la philosophie |
| 500 ## - GENERAL NOTE |
| General note |
Translation of: Sofisti |
| 650 #0 - SUBJECT ADDED ENTRY--TOPICAL TERM |
| Topical Term |
Sophists (Greek philosophy) |
| 700 1# - ADDED ENTRY--PERSONAL NAME |
| Personal name |
Tordesillas, Alonso |
| 942 ## - ADDED ENTRY ELEMENTS (KOHA) |
| Koha item type |
សៀវភៅភាសាអង់គ្លេស |
| 952 ## - LOCATION AND ITEM INFORMATION (KOHA) |
| Withdrawn status [LOCAL, KOHA] |
0 |